The biosaline concept: an approach to the utilization of underexploited resources
Salvato in:
| Autore principale: | |
|---|---|
| Natura: | Libro |
| Lingua: | inglese |
| Pubblicazione: |
Nueva York
Plenum
1979
|
| Serie: | Environmental Science Research, 14
|
| Soggetti: | |
| Tags: |
Aggiungi Tag
Nessun Tag, puoi essere il primo ad aggiungerne!!
|
MARC
| LEADER | 00000nam a2200000 a 4500 | ||
|---|---|---|---|
| 001 | UCV6070 | ||
| 003 | CL-VaPUC | ||
| 008 | 910415e19790000US |||||||||||||||||eng|d | ||
| 082 | 0 | 4 | |a 639.32 |b HOL |2 21 |
| 100 | 0 | |a Hollaender, Alexander |e author |9 300305 | |
| 245 | 1 | 4 | |a The biosaline concept: an approach to the utilization of underexploited resources |
| 300 | |a 391 p | ||
| 942 | |c BK | ||
| 945 | |d 19910415 00:00:00 | ||
| 260 | |a Nueva York |b Plenum |c 1979 | ||
| 650 | 0 | |a Acuicultura marina |9 261222 | |
| 650 | 0 | |a Algicultura (Cultivo de algas) |9 407638 | |
| 650 | 0 | |a Congresos |9 257560 | |
| 650 | 7 | |a SALINIDAD |2 CL-VaPUC |9 263023 | |
| 583 | |a last modification |c 19910415 00:00:00 |k Rodrigo Vera | ||
| 490 | 0 | |a Environmental Science Research, 14 | |
| 999 | |c 212317 |d 212315 | ||
| 952 | |0 0 |1 0 |4 0 |6 639_320000000000000_HOL_1979 |7 0 |8 A |9 193118 |a BIBING |b BIBING |d 2019-11-14 |i 2607530 |o 639.32 HOL 1979 |p 2607530 |r 2025-01-20 |w 2019-11-14 |y BK |k EIB | ||